000 00346nam a2200145Ia 4500
008 230711s9999||||xx |||||||||||||| ||und||
041 _aENG
082 _a624
_bSY-R
100 _aSyal,I C
245 0 _aReinforced concrete structure
250 _a2nd
260 _c1987
_aAllabhad
_bWheeler & Corporative
650 _aCivil Engineering
942 _cBK
999 _c71
_d71